000 01458nam a2200241Ia 4500
003 OSt
005 20210417210538.0
008 210310s1978 eu gr 000 0 spa d
040 _aCO-JMCR
_cCO-JMCR
041 0 _aspa
082 0 4 _a336.201 /
_bO731i
_223
110 2 _aOrganización de los estados Americanos
_936938
245 1 0 _aInflación y tributación :
_banálisis de los efectos de la inflación y de los sistemas de ajustes empleados para corregir sus distorsiones en los países de América Latina /
_cOrganización de los Estados Americanos
260 _aWashington :
_bCIES,
_c1978
300 _bix, 167 páginas ;
_c23 cm.
490 0 _aDocumentos ocasionales
_aPrograma del Sector Público
500 _aIncluye notas a pie de página.
505 0 _aLa problemática de la inflación y la tributación en América Latina -- Ajustes del impuesto sobre la renta personal -- Ajustes del impuesto sobre las utilidades de las empresas -- Ajustes en la tributación a las ganancias de la capital -- Ajustes en la imposición al patrimonio -- Ajustes en la imposición al consumo -- Ajustes en la imposición al comercio exterior -- Ajustes en las contribuciones de seguridad social -- Efectos de la inflación en la deuda tributaria -- Síntesis y conclusiones
650 1 4 _aImpuestos
_914931
_zAmérica Latina
650 2 4 _aInflación
_zAmérica Latina
_936939
710 2 _aOrganización de los Estados Americanos
_936940
942 _2ddc
_cBK
999 _c7609
_d7609